000 00608nam a2200121Ia 4500
008 220616s9999||||xx |||||||||||||| ||und||
100 _aKvítek, Tomáš||Zajíček, Antonín||Duffková, Renata||Fučík, Petr
245 0 _aChapter Water Quality of Agricultural Drainage Systems in the Czech Republic — Options for Its Improvement
546 _aEnglish[eng]
650 _aEarth sciences, geography, environment, planning
856 _uhttps://library.oapen.org/bitstream/20.500.12657/49143/1/47887.pdf||https://library.oapen.org/bitstream/20.500.12657/49143/1/47887.pdf
942 _cEB
999 _c19737
_d19737